000 00551 a2200193 4500
005 20260410123716.0
008 260410b |||||||| |||| 00| 0 eng d
020 _a9789369733408
040 _cSDCL
041 _2eng
_aeng
084 _aV2:11'N75 R5
245 _a50 Years of the Indian Emergency :
_bLessons for Democracy
260 _aNew Delhi :
_bOrient Blackswan,
_c2025.
300 _axxxvii, 338p.
490 _aLandm/Arks
700 _adeSouza, Peter Ronald ed.
_91234659
700 _aSethi, Harsh ed.
_91234660
942 _cTEXL
_2CC
999 _c1848133
_d1848133